Dân ca Hmông

Đã lưu trong:
Bibliografiske detaljer
Andre forfattere: Doãn Thanh (Dịch)
Format: Bog
Sprog:Vietnamese
Udgivet: H. Văn học 1984
Serier:Văn học dân gian Việt Nam. Văn học dân tộc Hmông
Fag:
Tags: Tilføj Tag
Ingen Tags, Vær først til at tagge denne postø!
Thư viện lưu trữ: Mạng thư viện Đại học Đà Nẵng
LEADER 01167nam a2200349 4500
001 000009701
003 5898
005 20111031151039.0
008 111031s1984 viesd
020 |c 28000đ 
041 0 |a vie 
082 |a 782.42162  |b Dân 
245 0 |a Dân ca Hmông  |c Doãn Thanh dịch ; Hoàng Thao chỉnh lý ; Chế Lan Viên giới thiệu 
260 |a H.  |b Văn học  |c 1984 
300 |a 362 tr  |c 19 cm 
490 |a Văn học dân gian Việt Nam. Văn học dân tộc Hmông 
653 |a Hmông 
653 |a Văn học dân gian 
653 |a Việt Nam 
653 |a Dân ca 
700 |a Doãn Thanh  |e Dịch 
910 |a Huỳnh Thị Cẩm Lai  |d 31/10/2011 
OWN |a LSP 
AVA |a UDN50  |b LSP  |d 782.42162 Dân  |e unavailable  |t Error 5002 Not defined in file expand_doc_bib_avail.  |f 1  |g 1  |h N  |i 0  |k 1 
999 |a From the UDN01 
AVA |a UDN50  |b LSP  |d 782.42162 Dân  |e unavailable  |t Error 5002 Not defined in file expand_doc_bib_avail.  |f 1  |g 1  |h N  |i 0  |k 1 
TYP |a Monograph 
TYP |a Printed language 
980 |a Mạng thư viện Đại học Đà Nẵng